[Event "Gelfand Challenge 2021"]
[Site "chess24.com INT"]
[Date "2021.06.11"]
[Round "7.1"]
[White "Mendonca, Leon Luke"]
[Black "Keymer, Vincent"]
[Result "0-1"]
[WhiteTitle "GM"]
[BlackTitle "GM"]
[WhiteElo "2549"]
[BlackElo "2591"]
[WhiteFideId "35028561"]
[BlackFideId "12940690"]
[EventDate "2021.06.10"]

1. d4 Nf6 2. Nf3 e6 3. c4 d5 4. Nc3 c5 5. cxd5 Nxd5 6. e3 cxd4 7. exd4 Nxc3 8.
bxc3 Qc7 9. Rb1 Nd7 10. c4 b6 11. Bd3 Bb7 12. O-O Be7 13. Re1 O-O 14. h4 Rfd8
15. d5 Nf8 16. Qe2 Bf6 17. Bg5 Bxg5 18. Nxg5 exd5 19. cxd5 Bxd5 20. Rbc1 Qf4 21.
g3 Qf6 22. Bb1 h6 23. Ne4 Bxe4 24. Qxe4 Rd2 25. Qe3 Rad8 26. Re2 Qb2 27. Rce1
Rxe2 28. Qxe2 Qxe2 29. Rxe2 Rd1+ 0-1

[Event "Gelfand Challenge 2021"]
[Site "chess24.com INT"]
[Date "2021.06.11"]
[Round "7.2"]
[White "Praggnanandhaa, R"]
[Black "Zhu, Jiner"]
[Result "1-0"]
[WhiteTitle "GM"]
[BlackTitle "WGM"]
[WhiteElo "2608"]
[BlackElo "2462"]
[WhiteFideId "25059530"]
[BlackFideId "8608059"]
[EventDate "2021.06.10"]

1. d4 Nf6 2. c4 e6 3. Nc3 Bb4 4. e3 d5 5. Nf3 O-O 6. Bd2 b6 7. cxd5 exd5 8. Rc1
a6 9. Bd3 Bb7 10. O-O Nbd7 11. Ne5 Bd6 12. f4 Ne4 13. Bxe4 dxe4 14. Nxd7 Qxd7
15. f5 Rad8 16. Qg4 Rfe8 17. Be1 f6 18. Bg3 Bf8 19. Ne2 c5 20. b4 Rc8 21. bxc5
bxc5 22. h4 Qf7 23. h5 h6 24. Rfd1 Bd5 25. Bf4 Kh8 26. Nc3 cxd4 27. Rxd4 Bxa2
28. Nxa2 Qxa2 29. Rcd1 Qf7 30. Ra1 Rc6 31. Qg6 Qxg6 32. hxg6 Bc5 33. Rda4 Ra8
34. Rxe4 Kg8 35. Rc1 Rac8 36. Kh2 a5 37. Rec4 h5 38. Kh3 Kf8 39. Rxc5 1-0

[Event "Gelfand Challenge 2021"]
[Site "chess24.com INT"]
[Date "2021.06.11"]
[Round "7.3"]
[White "Bjerre, Jonas Buhl"]
[Black "Nihal, Sarin"]
[Result "1/2-1/2"]
[WhiteTitle "GM"]
[BlackTitle "GM"]
[WhiteElo "2542"]
[BlackElo "2620"]
[WhiteFideId "1444948"]
[BlackFideId "25092340"]
[EventDate "2021.06.10"]

1. e4 d5 2. exd5 Qxd5 3. Nc3 Qd6 4. d4 Nf6 5. Nf3 c6 6. g3 Bg4 7. Bg2 e6 8. O-O
Be7 9. h3 Bxf3 10. Bxf3 O-O 11. Ne4 Nxe4 12. Bxe4 Nd7 13. c3 Nf6 14. Bg2 Rfe8
15. Qb3 Qd7 16. Rd1 h6 17. c4 Rac8 18. Be3 a6 19. Qa4 Bd6 20. Rd2 Qe7 21. Rad1
Rcd8 22. Qb3 Rd7 23. a3 Rdd8 24. Qc3 Rc8 25. b4 Red8 26. Qb3 Rd7 27. Rb1 Bb8 28.
a4 b5 29. Rc2 Rdd8 30. Rbc1 Qd7 31. cxb5 cxb5 32. Bc6 Qe7 33. axb5 axb5 34. Bxb5
Rxc2 35. Rxc2 Nd5 36. Bd2 Bd6 37. Bc6 Nxb4 38. Bxb4 Bxb4 39. Qc4 Qd6 40. Rb2 Rc8
41. d5 exd5 42. Qxb4 Qxc6 43. Rb1 Qe6 44. Qg4 Qe8 45. Rd1 Rd8 46. Qd4 Qe6 47.
Kg2 h5 48. h4 Qf5 49. Rd2 f6 50. Rd3 Rd7 51. Rd2 Kf7 52. Rd3 Kg6 53. Rd2 Qe5 54.
Qd3+ Qf5 55. Qd4 Kf7 56. Re2 Qg4 57. Qe3 Kg6 58. Qd3+ Qf5 59. Qd4 Rb7 60. Rd2
Rb5 61. Kh2 Qe4 62. Qxe4+ dxe4 63. Kg2 Kf5 64. Rd7 g6 65. Re7 Re5 66. Ra7 Re6
67. Ra5+ Re5 68. Ra7 Rc5 69. Re7 Rc2 70. Kf1 Ra2 71. Re8 Ra6 72. Kg2 Re6 73. Ra8
Re5 74. Ra7 1/2-1/2

[Event "Gelfand Challenge 2021"]
[Site "chess24.com INT"]
[Date "2021.06.11"]
[Round "7.4"]
[White "Lei, Tingjie"]
[Black "Yip, Carissa"]
[Result "0-1"]
[WhiteTitle "GM"]
[BlackTitle "IM"]
[WhiteElo "2505"]
[BlackElo "2430"]
[WhiteFideId "8605114"]
[BlackFideId "2090732"]
[EventDate "2021.06.10"]

1. d4 g6 2. c4 Bg7 3. e4 e6 4. Nc3 Ne7 5. Nf3 d5 6. e5 c5 7. dxc5 Nd7 8. cxd5
exd5 9. Bb5 O-O 10. O-O Nxc5 11. Bg5 Be6 12. Rc1 a6 13. Be2 Rc8 14. Bxe7 Qxe7
15. Nxd5 Qd8 16. Nc3 Qb6 17. Nd5 Qd8 18. Nc3 Qb6 19. b3 Rfd8 20. Qc2 Bf5 21. Qb2
Qa7 22. Rfd1 b5 23. b4 Nd3 24. Bxd3 Bxd3 25. Rd2 Bh6 26. Re1 Bxd2 27. Qxd2 Be4
28. Qf4 Bxf3 29. Qxf3 Qd4 30. Ne4 Qxe5 31. h4 f5 32. Qb3+ Kg7 33. f4 Qd4+ 34.
Nf2 Re8 35. Rd1 Qa7 36. Qb2+ Kg8 37. Kh1 Rcd8 38. Rc1 Qd4 39. Qb3+ Qd5 40. Qb2
Qd4 41. Qb3+ Kh8 42. Nh3 Re3 43. Qc2 Qd2 44. Qc7 Re1+ 45. Rxe1 Qxe1+ 46. Kh2 Rd1
47. Qc8+ Kg7 48. Qc7+ Kh6 49. Qc8 Kg7 50. Qc7+ Kh6 51. Qc8 Qh1+ 52. Kg3 Rd3+ 53.
Kf2 Rd2+ 54. Ke3 Qe1+ 55. Kf3 Rd3# 0-1

[Event "Gelfand Challenge 2021"]
[Site "chess24.com INT"]
[Date "2021.06.11"]
[Round "7.5"]
[White "Abdumalik, Zhansaya"]
[Black "Abdusattorov, Nodirbek"]
[Result "0-1"]
[WhiteTitle "IM"]
[BlackTitle "GM"]
[WhiteElo "2472"]
[BlackElo "2634"]
[WhiteFideId "13703544"]
[BlackFideId "14204118"]
[EventDate "2021.06.10"]

1. e4 d5 2. exd5 Qxd5 3. Nc3 Qa5 4. d4 Nf6 5. Nf3 Bf5 6. Be2 e6 7. O-O c6 8. Ne5
Nbd7 9. Nc4 Qc7 10. g3 Nb6 11. Bf4 Qd8 12. Ne3 Bg6 13. h4 h6 14. h5 Bh7 15. Re1
Bd6 16. Ng2 O-O 17. Qd2 Bb4 18. Bf3 Nc4 19. Qc1 Qxd4 20. Rd1 Qc5 21. Na4 Qa5 22.
a3 Be7 23. b3 Ne5 24. Be2 Neg4 25. Ne3 Qxh5 26. Nxg4 Nxg4 27. Bxg4 Qxg4 28. Rd7
Bf6 29. Rb1 Qf3 30. Qe3 Qxe3 31. Bxe3 b6 32. Rc1 Rfd8 33. Rc7 Be4 34. c4 Rd3 35.
Re1 Bf3 0-1

[Event "Gelfand Challenge 2021"]
[Site "chess24.com INT"]
[Date "2021.06.11"]
[Round "7.6"]
[White "Shuvalova, Polina"]
[Black "Murzin, Volodar"]
[Result "1/2-1/2"]
[WhiteTitle "IM"]
[BlackTitle "IM"]
[WhiteElo "2489"]
[BlackElo "2502"]
[WhiteFideId "24171760"]
[BlackFideId "44155573"]
[EventDate "2021.06.10"]

1. e4 c6 2. d4 d5 3. exd5 cxd5 4. Bd3 Nc6 5. c3 Qc7 6. Ne2 Bg4 7. O-O e6 8. Qe1
Nf6 9. Bg5 h6 10. Bh4 Bxe2 11. Qxe2 Bd6 12. Bg3 h5 13. Bxd6 Qxd6 14. Nd2 h4 15.
a4 Nh5 16. Qe3 Qf4 17. Nf3 a6 18. Rae1 h3 19. g3 Qxe3 20. fxe3 Nf6 21. Ng5 Ke7
22. e4 Rh5 23. exd5 Rxg5 24. dxc6 bxc6 25. Rf2 a5 26. Bf1 Rh5 27. Rd2 Rd8 28.
Rde2 Rdd5 29. Ra1 c5 30. dxc5 Rxc5 31. Rd1 g5 32. Rd4 g4 33. Red2 Rhd5 34. Be2
Rxd4 35. Rxd4 e5 36. Rd1 Ke6 37. Kf2 Ne4+ 38. Ke3 f5 39. Rd8 Nd6 40. Ra8 Rd5 41.
b4 axb4 42. cxb4 Rd4 43. b5 f4+ 44. gxf4 Nf5+ 45. Kf2 Rxf4+ 46. Kg1 g3 47. hxg3
h2+ 48. Kxh2 Rf2+ 49. Kh3 Rxe2 50. b6 Rb2 51. a5 Nd6 52. Kg4 Rb3 53. Rb8 Ra3 54.
b7 Nxb7 55. Rxb7 Rxa5 1/2-1/2

[Event "Gelfand Challenge 2021"]
[Site "chess24.com INT"]
[Date "2021.06.11"]
[Round "7.7"]
[White "Mammadzada, Gunay"]
[Black "Khademalsharieh, Sarasadat"]
[Result "1-0"]
[WhiteTitle "IM"]
[BlackTitle "IM"]
[WhiteElo "2443"]
[BlackElo "2494"]
[WhiteFideId "13403729"]
[BlackFideId "12512214"]
[EventDate "2021.06.10"]

1. e4 e5 2. Nf3 Nc6 3. Bb5 a6 4. Ba4 Nf6 5. O-O b5 6. Bb3 Bc5 7. c3 d6 8. d4 Bb6
9. a4 Rb8 10. a5 Ba7 11. h3 Bb7 12. Be3 Nxe4 13. d5 Bxe3 14. dxc6 Bxf2+ 15. Rxf2
Nxf2 16. Qd5 O-O 17. cxb7 c6 18. Qxc6 Nd3 19. Bd5 Nf4 20. Nbd2 Qf6 21. Qxa6 Nxd5
22. Qxb5 Nf4 23. a6 Qg6 24. Qf1 Qg3 25. Kh1 h5 26. a7 Rxb7 27. a8=Q Rxa8 28.
Rxa8+ Kh7 29. Ne4 1-0

[Event "Gelfand Challenge 2021"]
[Site "chess24.com INT"]
[Date "2021.06.11"]
[Round "7.8"]
[White "Saduakassova, Dinara"]
[Black "Liang, Awonder"]
[Result "1-0"]
[WhiteTitle "IM"]
[BlackTitle "GM"]
[WhiteElo "2500"]
[BlackElo "2592"]
[WhiteFideId "13700090"]
[BlackFideId "2056437"]
[EventDate "2021.06.10"]

1. d4 Nf6 2. Nf3 g6 3. c4 Bg7 4. g3 O-O 5. Bg2 d6 6. Nc3 Bf5 7. Nh4 Bc8 8. Nf3
c6 9. O-O Qa5 10. h3 e5 11. d5 cxd5 12. Nxd5 Nxd5 13. Qxd5 Qxd5 14. cxd5 Na6 15.
Bg5 Re8 16. e4 Bd7 17. Nd2 Rac8 18. Rfc1 f5 19. Be3 b6 20. Bf1 Nc5 21. b4 f4 22.
gxf4 exf4 23. Bxf4 Nxe4 24. Rxc8 Rxc8 25. Re1 Nxd2 26. Bxd2 Kf7 27. Bf4 Bc3 28.
Rb1 Bf5 29. Rb3 Ke7 30. Bg5+ Bf6 31. Re3+ Kf7 32. Bf4 Be7 33. Bb5 Rc1+ 34. Kg2
Rb1 35. a3 Rb2 36. Rc3 Be4+ 37. Kg3 g5 38. Be3 Rb1 39. f3 Bxd5 40. Rc7 h6 41.
Rxa7 Rb3 42. Kf2 Rb2+ 43. Kg3 Kf8 44. Bd4 Rd2 45. Bg7+ Kf7 46. Bxh6 Ke6 47.
Rxe7+ 1-0

[Event "Gelfand Challenge 2021"]
[Site "chess24.com INT"]
[Date "2021.06.11"]
[Round "7.9"]
[White "Yoo, Christopher Woojin"]
[Black "Salimova, Nurgyul"]
[Result "1-0"]
[WhiteTitle "IM"]
[BlackTitle "IM"]
[WhiteElo "2457"]
[BlackElo "2395"]
[WhiteFideId "30909694"]
[BlackFideId "2915138"]
[EventDate "2021.06.10"]

1. d4 d5 2. c4 e6 3. Nc3 Nf6 4. Nf3 c6 5. g3 dxc4 6. Bg2 Nbd7 7. O-O b5 8. e4
Bb7 9. a4 b4 10. e5 Nd5 11. Ne4 h6 12. Re1 a5 13. Bf1 N7b6 14. Nfd2 Ba6 15. Nc5
Bxc5 16. dxc5 Nd7 17. Qg4 Qe7 18. Qxg7 O-O-O 19. Ne4 Kb8 20. Nd6 Nxc5 21. Qxf7
Nd3 22. Qxe7 Nxe7 23. Re4 Rhf8 24. Bxh6 Rg8 25. Be3 Nd5 26. Bxd3 cxd3 27. Bd2
Rd7 28. Rc1 Rc7 29. h4 c5 30. h5 Nb6 31. b3 c4 32. Nxc4 Bxc4 33. bxc4 Nxa4 34.
Rb1 Nc5 35. Rh4 Rb7 36. h6 b3 37. Bxa5 b2 38. Bd2 Rh8 39. Rd4 Rb3 40. g4 Kc7 41.
g5 Ra8 42. h7 Ra1 43. h8=Q Rxb1+ 44. Kg2 Rg1+ 45. Kxg1 b1=Q+ 46. Kg2 Rb8 47.
Qg7+ Kc8 48. Qf8+ Kb7 49. Qxc5 Rh8 50. Rd7+ Kb8 51. Qc7+ 1-0

[Event "Gelfand Challenge 2021"]
[Site "chess24.com INT"]
[Date "2021.06.11"]
[Round "7.10"]
[White "Gukesh, D"]
[Black "Badelka, Olga"]
[Result "1-0"]
[WhiteTitle "GM"]
[BlackTitle "IM"]
[WhiteElo "2578"]
[BlackElo "2418"]
[WhiteFideId "46616543"]
[BlackFideId "13509926"]
[EventDate "2021.06.10"]

1. Nf3 Nf6 2. g3 e6 3. Bg2 d5 4. O-O Be7 5. d3 O-O 6. Nbd2 c5 7. e4 Nc6 8. Re1
Qc7 9. Qe2 Rd8 10. e5 Nd7 11. Nf1 b5 12. Bf4 b4 13. h4 a5 14. h5 Ba6 15. h6 g6
16. Ne3 Nf8 17. Ng4 a4 18. Qe3 Nd4 19. Rac1 Nf5 20. Qd2 c4 21. Bg5 c3 22. bxc3
bxc3 23. Qf4 Kh8 24. Nf6 Nd7 25. Nxh7 Kxh7 26. Bxe7 Nxe5 27. Ng5+ Kh8 28. Bf6+ 1-0

[Event "Gelfand Challenge 2021"]
[Site "chess24.com INT"]
[Date "2021.06.11"]
[Round "8.1"]
[White "Keymer, Vincent"]
[Black "Badelka, Olga"]
[Result "1-0"]
[WhiteTitle "GM"]
[BlackTitle "IM"]
[WhiteElo "2591"]
[BlackElo "2418"]
[WhiteFideId "12940690"]
[BlackFideId "13509926"]
[EventDate "2021.06.10"]

1. d4 Nf6 2. c4 e6 3. Nf3 d5 4. Nc3 dxc4 5. e4 b5 6. e5 Nd5 7. Nxb5 Nb6 8. Be2
Nc6 9. O-O Be7 10. Qd2 Bb7 11. Qf4 a6 12. Nc3 g5 13. Nxg5 Bxg5 14. Qxg5 Qxg5 15.
Bxg5 Nxd4 16. h4 Rg8 17. f3 Nxe2+ 18. Nxe2 Nd7 19. Bf4 O-O-O 20. Rac1 Nb6 21.
Be3 Rd3 22. Bxb6 cxb6 23. Rxc4+ Kb8 24. Rf4 Rd2 25. Rf2 Rxb2 26. Nd4 Rxf2 27.
Kxf2 Rg7 28. g4 h6 29. Rf6 Rh7 30. f4 Kc7 31. Kg3 Kd7 32. f5 Ke7 33. fxe6 1-0

[Event "Gelfand Challenge 2021"]
[Site "chess24.com INT"]
[Date "2021.06.11"]
[Round "8.2"]
[White "Salimova, Nurgyul"]
[Black "Gukesh, D"]
[Result "0-1"]
[WhiteTitle "IM"]
[BlackTitle "GM"]
[WhiteElo "2395"]
[BlackElo "2578"]
[WhiteFideId "2915138"]
[BlackFideId "46616543"]
[EventDate "2021.06.10"]

1. Nf3 Nf6 2. d4 d5 3. c4 e6 4. g3 dxc4 5. Bg2 a6 6. O-O Nc6 7. Nbd2 b5 8. b3 c3
9. Nb1 c2 10. Qxc2 Bb7 11. a3 Be7 12. Bb2 O-O 13. Nbd2 h6 14. Rac1 Rc8 15. e3
Nb8 16. b4 Nbd7 17. Nb3 Be4 18. Qe2 Nb6 19. Nfd2 Bxg2 20. Kxg2 c6 21. Rc2 Qd7
22. Rfc1 Rc7 23. Na5 Rfc8 24. Qf3 Nbd5 25. Ndb3 Ne8 26. Rd1 f5 27. e4 fxe4 28.
Qxe4 Nef6 29. Qe2 Bd6 30. Re1 Re8 31. Nc5 Bxc5 32. Rxc5 Kf7 33. Rec1 Rec8 34.
Qf3 Kg8 35. R1c2 Qe8 36. Bc1 Kh8 37. Bf4 Rf7 38. Rxc6 Rd8 39. Be5 Rf8 40. Qe2
Qg6 41. Rc1 Qf5 42. Qc2 Ne4 43. Rf1 Qf3+ 44. Kg1 Ne3 45. Qb1 Qg2# 0-1

[Event "Gelfand Challenge 2021"]
[Site "chess24.com INT"]
[Date "2021.06.11"]
[Round "8.3"]
[White "Liang, Awonder"]
[Black "Yoo, Christopher Woojin"]
[Result "0-1"]
[WhiteTitle "GM"]
[BlackTitle "IM"]
[WhiteElo "2592"]
[BlackElo "2457"]
[WhiteFideId "2056437"]
[BlackFideId "30909694"]
[EventDate "2021.06.10"]

1. Nf3 Nf6 2. c4 e6 3. b3 d5 4. Bb2 Be7 5. g3 O-O 6. Bg2 b6 7. O-O Bb7 8. e3
Nbd7 9. Qe2 c5 10. Nc3 Rc8 11. Rac1 Qc7 12. Rfd1 Qb8 13. cxd5 Nxd5 14. a3 Qa8
15. Ne4 Rfd8 16. d3 a5 17. a4 Nb4 18. Nfg5 h6 19. Nxe6 fxe6 20. Qg4 e5 21. Qe6+
Kf8 22. f4 Bd5 23. Qg4 Qc6 24. fxe5 Qe6 25. Qh5 Kg8 26. Rf1 Bxe4 27. Bxe4 Bg5
28. Bf5 Qe7 29. Rce1 Nc2 30. e6 Nxe1 31. Bh7+ Kxh7 32. Rf7 Nf6 33. Qh3 Qe8 34.
Qf5+ Kh8 35. Qg6 Qg8 36. e7 Re8 0-1

[Event "Gelfand Challenge 2021"]
[Site "chess24.com INT"]
[Date "2021.06.11"]
[Round "8.4"]
[White "Khademalsharieh, Sarasadat"]
[Black "Saduakassova, Dinara"]
[Result "1-0"]
[WhiteTitle "IM"]
[BlackTitle "IM"]
[WhiteElo "2494"]
[BlackElo "2500"]
[WhiteFideId "12512214"]
[BlackFideId "13700090"]
[EventDate "2021.06.10"]

1. d4 Nf6 2. Nf3 e6 3. c4 b6 4. g3 Ba6 5. Nbd2 d5 6. cxd5 exd5 7. Bg2 Be7 8. O-O
O-O 9. Ne5 Bb7 10. Ndf3 c5 11. dxc5 bxc5 12. Nd3 Ne4 13. Bf4 Qb6 14. Rc1 Nc6 15.
Nfe5 Rfd8 16. Nxc6 Bxc6 17. Qc2 Rac8 18. Ne5 Bb7 19. Rfd1 Nf6 20. Bh3 Ra8 21.
Bg2 Rac8 22. Bh3 Ra8 23. Bg5 Bc8 24. Bg2 Be6 25. b3 Rac8 26. e3 h6 27. Bxf6 Bxf6
28. Nd3 c4 29. Nf4 cxb3 30. Qxb3 Qxb3 31. axb3 Rxc1 32. Rxc1 Rb8 33. Bxd5 Bxd5
34. Nxd5 Rxb3 35. Rc8+ Kh7 36. Rc7 Kg8 37. Rxa7 Be5 38. Ne7+ Kh7 39. Nc6 f6 40.
Nxe5 fxe5 41. Re7 Rb5 42. Kg2 Kg6 43. g4 Kf6 44. Re8 Rb2 45. Kg3 Ra2 46. Rf8+
Ke7 47. Rf5 Ke6 48. h4 Ra1 49. h5 Ra4 50. Rf8 Ke7 51. Rb8 Ra6 52. Rb7+ Kf6 53.
f4 exf4+ 54. Kxf4 Ra1 55. Rb6+ Kf7 56. e4 Rg1 57. Kf5 Rf1+ 58. Ke5 Rg1 59. Rb7+
Kg8 60. Kf5 Rf1+ 61. Ke6 Rf4 62. e5 Rxg4 63. Rb8+ Kh7 64. Kd6 Rd4+ 65. Kc5 Re4
66. Kd5 Re1 67. e6 Rd1+ 68. Kc6 Rc1+ 69. Kd7 Rd1+ 70. Ke8 g6 71. Rb7+ Kg8 72.
hxg6 h5 73. Rd7 Ra1 74. e7 h4 75. Kd8 Ra8+ 76. Kc7 Ra7+ 77. Kb6 1-0

[Event "Gelfand Challenge 2021"]
[Site "chess24.com INT"]
[Date "2021.06.11"]
[Round "8.5"]
[White "Murzin, Volodar"]
[Black "Mammadzada, Gunay"]
[Result "1-0"]
[WhiteTitle "IM"]
[BlackTitle "IM"]
[WhiteElo "2502"]
[BlackElo "2443"]
[WhiteFideId "44155573"]
[BlackFideId "13403729"]
[EventDate "2021.06.10"]

1. e4 c5 2. Nf3 d6 3. d4 cxd4 4. Qxd4 Nf6 5. Be2 Nc6 6. Qe3 g6 7. O-O Bg7 8. Rd1
O-O 9. Nc3 Nb4 10. Qd2 Be6 11. a3 Nc6 12. Qf4 Rc8 13. Qh4 Qb6 14. Ng5 Ne5 15.
Kh1 h6 16. Nxe6 fxe6 17. Qh3 Rxc3 18. bxc3 Nxe4 19. Qxe6+ Kh8 20. Be3 Nxf2+ 21.
Bxf2 Qxf2 22. Bd3 Rf6 23. Qh3 Qc5 24. Rf1 Qxc3 25. Rxf6 exf6 26. Rb1 b6 27. a4
Qc5 28. Qg3 f5 29. h3 Kh7 30. Qf4 Nxd3 31. cxd3 Qc2 32. Rc1 Qxd3 33. Rc7 g5 34.
Qf3 Qb1+ 35. Kh2 Kg6 36. g4 Be5+ 37. Kg2 Qb2+ 38. Qf2 Qxf2+ 39. Kxf2 a5 40. Ke3
h5 41. Kf3 fxg4+ 42. hxg4 h4 43. Rc6 Kf6 44. Rxb6 Ke6 45. Rb5 h3 46. Rxa5 h2 47.
Kg2 Kd7 48. Rxe5 dxe5 49. Kxh2 Kc6 50. Kg3 Kc5 51. a5 e4 52. Kf2 Kb5 53. Ke3
Kxa5 54. Kxe4 Kb5 55. Kf5 Kc5 56. Kxg5 1-0

[Event "Gelfand Challenge 2021"]
[Site "chess24.com INT"]
[Date "2021.06.11"]
[Round "8.6"]
[White "Abdusattorov, Nodirbek"]
[Black "Shuvalova, Polina"]
[Result "1-0"]
[WhiteTitle "GM"]
[BlackTitle "IM"]
[WhiteElo "2634"]
[BlackElo "2489"]
[WhiteFideId "14204118"]
[BlackFideId "24171760"]
[EventDate "2021.06.10"]

1. e4 e5 2. Nf3 Nc6 3. Bb5 a6 4. Bxc6 dxc6 5. O-O Qf6 6. d4 exd4 7. Bg5 Qg6 8.
Qxd4 Be6 9. Rd1 Bd6 10. Nbd2 f6 11. Bh4 O-O-O 12. Qa7 Ne7 13. e5 fxe5 14. Nc4
Bd5 15. Ncxe5 Bxe5 16. Qa8+ Kd7 17. Nxe5+ 1-0

[Event "Gelfand Challenge 2021"]
[Site "chess24.com INT"]
[Date "2021.06.11"]
[Round "8.7"]
[White "Yip, Carissa"]
[Black "Abdumalik, Zhansaya"]
[Result "1-0"]
[WhiteTitle "IM"]
[BlackTitle "IM"]
[WhiteElo "2430"]
[BlackElo "2472"]
[WhiteFideId "2090732"]
[BlackFideId "13703544"]
[EventDate "2021.06.10"]

1. Nf3 Nf6 2. g3 g6 3. Bg2 Bg7 4. c4 d5 5. cxd5 Nxd5 6. O-O O-O 7. d4 Nb6 8. Nc3
Nc6 9. d5 Nb4 10. e4 a5 11. a3 Na6 12. Qc2 e6 13. Bg5 Qe8 14. Rfe1 Bd7 15. Rad1
Rc8 16. Qc1 e5 17. Bh6 Nc5 18. Bxg7 Kxg7 19. Qg5 f6 20. Qe3 Qe7 21. Nd2 Nba4 22.
Nxa4 Bxa4 23. b3 Bb5 24. Bf1 Bxf1 25. Kxf1 b6 26. Nc4 Qd7 27. Kg2 Qb5 28. d6
Qxb3 29. Qxb3 Nxb3 30. dxc7 Rxc7 31. Nxb6 Rc2 32. Rd5 f5 33. Nd7 Rf7 34. Nxe5
Rf8 35. Nd7 Re8 36. e5 a4 37. e6 Re7 38. Re3 h5 39. Nb6 Nc5 40. Rd7 Kf8 41. Rd8+
Kg7 42. Rc8 Rb2 43. Nd5 Rxe6 44. Rxc5 Rxe3 45. Nxe3 Rb3 46. Nc4 Rc3 47. Rc6 f4
48. gxf4 h4 49. f3 Kh7 50. Ne5 Rxa3 51. Rxg6 Re3 52. Ra6 a3 53. Ra7+ Kg8 54. Kh3 1-0

[Event "Gelfand Challenge 2021"]
[Site "chess24.com INT"]
[Date "2021.06.11"]
[Round "8.8"]
[White "Nihal, Sarin"]
[Black "Lei, Tingjie"]
[Result "0-1"]
[WhiteTitle "GM"]
[BlackTitle "GM"]
[WhiteElo "2620"]
[BlackElo "2505"]
[WhiteFideId "25092340"]
[BlackFideId "8605114"]
[EventDate "2021.06.10"]

1. Nf3 d5 2. b3 Nf6 3. Bb2 e6 4. e3 b6 5. c4 Bb7 6. Nc3 Nbd7 7. cxd5 exd5 8. Rc1
a6 9. d4 Bd6 10. g3 Qe7 11. Bg2 O-O-O 12. O-O h5 13. Re1 Ne4 14. Qc2 Kb8 15. h4
f6 16. a4 g5 17. b4 Rhg8 18. b5 a5 19. Qb3 Nxc3 20. Bxc3 Qg7 21. Rc2 Rde8 22.
Rec1 Re4 23. hxg5 h4 24. Nxh4 Rxh4 25. gxh4 fxg5 26. Bxd5 gxh4+ 27. Kf1 Qg1+ 28.
Ke2 Qg4+ 29. Kd2 Bxd5 30. Qxd5 Nf6 31. Qh1 Qf5 32. Rg1 Rxg1 33. Qxg1 Ne4+ 34.
Kc1 h3 35. f4 Qe6 36. Kb2 Qc4 37. Qh1 Ba3+ 38. Kxa3 Nxc3 39. Rxc3 Qxc3+ 40. Ka2
Qd2+ 41. Kb3 Qxe3+ 42. Kc4 Qe2+ 43. Kc3 Qg2 44. Qe1 h2 45. Qe8+ Ka7 0-1

[Event "Gelfand Challenge 2021"]
[Site "chess24.com INT"]
[Date "2021.06.11"]
[Round "8.9"]
[White "Zhu, Jiner"]
[Black "Bjerre, Jonas Buhl"]
[Result "1/2-1/2"]
[WhiteTitle "WGM"]
[BlackTitle "GM"]
[WhiteElo "2462"]
[BlackElo "2542"]
[WhiteFideId "8608059"]
[BlackFideId "1444948"]
[EventDate "2021.06.10"]

1. e4 c5 2. Nf3 d6 3. d4 cxd4 4. Nxd4 Nf6 5. Nc3 a6 6. Be3 e5 7. Nf3 Be7 8. Bc4
Be6 9. Qe2 Nbd7 10. O-O Qc7 11. Bb3 Rc8 12. Rfd1 O-O 13. Bg5 b5 14. Bxf6 Nxf6
15. Ne1 Bd8 16. Nd5 Qc6 17. Nxf6+ Bxf6 18. Bd5 Qd7 19. c3 Bd8 20. a4 Bb6 21.
axb5 axb5 22. Ra6 Rb8 23. Kh1 Kh8 24. f3 Qc8 25. Raa1 Bc5 26. Nc2 Bd7 27. Qd2 f5
28. exf5 Rxf5 29. Ne3 Rh5 30. b4 Bb6 31. Bf7 Rh6 32. Nd5 Bd8 33. Ra7 Bc6 34. Qd3
Ra8 35. Rda1 Rxa7 36. Rxa7 Qb8 37. Qe3 Rh4 38. Ra6 Rc4 39. Ne7 Bb7 40. Bxc4 Bxa6
41. Nc6 Qb6 42. Qxb6 Bxb6 43. Bd3 Be3 44. Nb8 Bb7 45. Bxb5 d5 46. Bd3 Bd2 47. c4
e4 48. fxe4 dxe4 49. Be2 Bxb4 50. Nd7 Kg8 51. Kg1 Kf7 52. Ne5+ Ke6 53. Ng4 Bc5+
54. Kf1 e3 55. h3 Kf5 56. Nh2 Kf4 57. Bf3 Bc8 58. Bd5 Bf5 59. Ke2 h5 60. Nf1 g5
61. g3+ Ke5 62. Nxe3 Bxh3 63. Bf7 Ke4 64. Bg6+ Kd4 65. Bxh5 Be6 66. Bf3 Bxc4+
67. Nxc4 Kxc4 68. g4 Bd6 69. Be4 Bf4 70. Bf5 Kc5 71. Bc8 Kc4 72. Bf5 Kc5 73. Bc8
Kc4 74. Bf5 1/2-1/2

[Event "Gelfand Challenge 2021"]
[Site "chess24.com INT"]
[Date "2021.06.11"]
[Round "8.10"]
[White "Mendonca, Leon Luke"]
[Black "Praggnanandhaa, R"]
[Result "0-1"]
[WhiteTitle "GM"]
[BlackTitle "GM"]
[WhiteElo "2549"]
[BlackElo "2608"]
[WhiteFideId "35028561"]
[BlackFideId "25059530"]
[EventDate "2021.06.10"]

1. Nf3 d5 2. e3 Nf6 3. c4 e6 4. Nc3 b6 5. cxd5 exd5 6. d4 Bb7 7. b3 a6 8. Bb2
Nbd7 9. g3 Bd6 10. Bg2 Qe7 11. O-O O-O-O 12. a4 h5 13. Qc1 Ne4 14. Nxe4 dxe4 15.
Nd2 h4 16. Ba3 Bxa3 17. Qxa3 Qe6 18. Rfc1 f5 19. Rc2 Nf6 20. Rac1 Nd5 21. a5
hxg3 22. hxg3 b5 23. b4 Rh5 24. Nb3 Rdh8 25. Nc5 Qh6 26. Kf1 Rh2 27. Nxb7 Rxg2
28. Nd6+ Kb8 29. Nxf5 Qh1+ 30. Ke2 Rxf2+ 0-1

[Event "Gelfand Challenge 2021"]
[Site "chess24.com INT"]
[Date "2021.06.11"]
[Round "9.1"]
[White "Praggnanandhaa, R"]
[Black "Keymer, Vincent"]
[Result "1-0"]
[WhiteTitle "GM"]
[BlackTitle "GM"]
[WhiteElo "2608"]
[BlackElo "2591"]
[WhiteFideId "25059530"]
[BlackFideId "12940690"]
[EventDate "2021.06.10"]

1. Nf3 d5 2. h3 c6 3. d4 Bf5 4. c4 e6 5. Nc3 Nf6 6. g4 Bg6 7. Qb3 Qb6 8. c5 Qc7
9. Bf4 Qc8 10. Ne5 Nbd7 11. Nxg6 hxg6 12. Bg2 e5 13. dxe5 Nxc5 14. Qc2 Nfd7 15.
Bg3 Ne6 16. f4 Qd8 17. e3 Bc5 18. Qe2 Qb6 19. f5 Nc7 20. Bf4 g5 21. Bxg5 Nxe5
22. O-O-O f6 23. Bf4 O-O-O 24. Na4 Qa5 25. Nxc5 Qxc5+ 26. Kb1 Rhe8 27. Qc2 Nc4
28. Ka1 Na6 29. Rc1 Qa5 30. e4 Nb6 31. Rhd1 d4 32. a3 Nc7 33. Bh2 Qb5 34. Rd3
Qa4 35. Qxa4 Nxa4 36. Rc4 b5 37. Rxc6 Re7 38. Rd1 Kb7 39. e5 Nd5 40. Rd6 1-0